Drachenzähmen - DrachenQuiz - Statistiken

Allgemein
  • Dieses Quiz wurde 96 mal gespielt
  • Das Durchschnittsergebnis liegt bei 8 aus 16
Antwortstatistiken
Drachenart & dann Klasse % Korrekt
Ohnezahn Schattendrache (Nachtschatten)
100%
Fleischklops Gronckel
81%
Hakenzahn Riesenhafter Albtraum
77%
Sturmpfeil Tödlicher Nadder
72%
Windfang Klingenpeitschling
52%
Tödlicher Nadder Aufspürerklasse / Pfeilklasse
48%
Kotz und Würg Wahnsinniger Zipper
48%
Klingenpeitschling Pfeilklasse
42%
Gronckel Wackersteinklasse
38%
Flammenrülpser Wackersteinklasse
38%
Schädelbrecher Rumpelhorn
37%
Rumpelhorn Aufspürerklasse
36%
Wahnsinniger Zipper Phantomklasse / Schreckensklasse
31%
Schattendrache (Nachtschatten) Angriffsklasse
30%
Riesenhafter Albtraum Chaosklasse
27%
Muffel Flammenrülpser
20%
Keine übereinstimmenden Quizze gefunden
Verteilung der Resultate
Anzahl Personen mit jedem Resultat
Perzentil nach korrekt beantworteten Fragen
Ihre Resultats-Entwicklung
Sie haben dieses Quiz noch nicht gespielt